Vista normal
Vista MARC
Entrada Personal Name
Número de registros utilizados en: 1
001 - CONTROL NUMBER
- control field: 5700
003 - CONTROL NUMBER IDENTIFIER
- control field: OSt
005 - DATE AND TIME OF LATEST TRANSACTION
- control field: 20180716124109.0
008 - FIXED-LENGTH DATA ELEMENTS
- fixed length control field: 170915 a|ac|n|aab||||||||||||a |n|||||||
010 ## - LIBRARY OF CONGRESS CONTROL NUMBER
- LC control number: 2009161935
040 ## - CATALOGING SOURCE
- Original cataloging agency: DLC
- Language of cataloging: spa
- Description conventions: rda
- Transcribing agency: Mx-PuUPA
- Modifying agency: DLC
100 1# - HEADING--PERSONAL NAME
- Personal name: Tomlinson, John,
375 ## - GENDER
- Gender: Hombre
377 ## - ASSOCIATED LANGUAGE
- Language code: spa
- Source of code: MARC code list for languages
670 ## - SOURCE DATA FOUND
- Source citation: His Lords of Misrule, 2009:
- Information found: t.p. (writers, John Tomlinson, Dan Abnett, Steve White)
670 ## - SOURCE DATA FOUND
- Source citation: Wikipedia, viewed November 9, 2016:
- Information found: John Tomlinson page (John Tomlinson is a British comic book writer and editor known for his work on various 2000 AD strips. He has occasionally been credited as Sonny Steelgrave. Co-author of Lords of Misrule)
670 ## - SOURCE DATA FOUND
- Source citation: Biblioteca del congreso (Estados Unidos), 15 septiembre 2017:
- Information found: catálogo electrónico
- Uniform Resource Identifier: https://goo.gl/ftJ236